Rusko: Moskovské hotely sú hlavne pre solventných

Z 200 hotelov v Moskve, v ktorých ubytujú cudzincov, 8 perc. 1. kategórie, 52 druhej, zvyšok tretej kategórie. V ďalších existujúcich hotelov cudzinci nebývajú. Ceny vo vybraných hoteloch patriacich do medzinárodných hotelových sietí a vo vybraných hoteloch v Moskve, tabuľka. Ceny priemerne o tretin...

Celý popis

Uložené v:
Podrobná bibliografia
Hlavný autor: Schlesingerová, K.
Médium: Kapitola
Jazyk:Slovak
Predmet:
Tagy: Pridať tag
Žiadne tagy, Buďte prvý, kto otaguje tento záznam!

MARC

LEADER 00000naa a2200000 4500
001 r016013
005 20221205091313.5
041 0 |a slo 
044 |a SK 
245 1 0 |a Rusko: Moskovské hotely sú hlavne pre solventných  |c K. Schlesingerová 
520 |a Z 200 hotelov v Moskve, v ktorých ubytujú cudzincov, 8 perc. 1. kategórie, 52 druhej, zvyšok tretej kategórie. V ďalších existujúcich hotelov cudzinci nebývajú. Ceny vo vybraných hoteloch patriacich do medzinárodných hotelových sietí a vo vybraných hoteloch v Moskve, tabuľka. Ceny priemerne o tretinu vyššie ako v hoteloch rovnakej kategórie inde vo svete. Údaje. 
610 2 0 |a hotely 
610 2 0 |a hotelierstvo 
610 2 0 |a Moskva 
610 2 0 |a ceny 
100 1 |a Schlesingerová, K.